00470nam a2200157Ia 4500003000900000008004100009020001800050040001600068080001900084100002100103245009900124260004000223300001500263650001700278650001700295IN-BaIIA211028s9999 xx 000 0 eng d a81-7371-124-0 cIIA Library a523.9:524bABH aAbhyankar, K. D. 0aAstrophysics of the Solar SystemcK. D. Abhyankar  aHyderabadbUniversities Pressc1999 axiv, 255p. aastrophysics asolar system